[Event "EU-ch 6th"]
[Site "Warsaw"]
[Date "2005.06.22"]
[Round "5"]
[White "Jobava, Baadur"]
[Black "Carlsen, Magnus"]
[Result "1-0"]
[WhiteElo "2637"]
[BlackElo "2548"]
[Annotator "Huebner,Robert"]
[PlyCount "77"]
[EventDate "2005.06.18"]
[EventType "swiss"]
[EventRounds "13"]
[EventCountry "POL"]
[SourceTitle "CBM 108"]
[Source "ChessBase"]
[SourceDate "2005.09.26"]
[SourceVersion "1"]
[SourceVersionDate "2005.09.26"]
[SourceQuality "1"]

1. d4 d5 2. c4 c6 3. Nc3 Nf6 4. Nf3 dxc4 5. a4 Bf5 6. Ne5 Nbd7 7. Nxc4 Qc7 8. g3 e5 9. dxe5 Nxe5 10. Bf4 Nfd7 11. Bg2 g5 12. Bxe5 Nxe5 13. Qd4 f6 14. O-O-O {Mit diesem Abspiel hat Weiß recht gute Ergebnisse erzielt; vergleiche die folgende Auswahl an Beispielen.} Be6 (14... Be7 {ist öfter gespielt worden; es sollte zum Ausgleich genügen:} 15. Ne3 (15. Ne4 O-O (15... Rd8 16. Qc3 Rxd1+ 17. Rxd1 Nxc4 18. Qxc4 Qe5 19. Qd4 Qxd4 $11 {1-0 Mikhalevski,V-Rodshtein,M/Ramat Aviv 2004/CBM 102 ext (49). (48)}) 16. Nxg5 b5 17. Nxe5 fxe5 18. Qe3 bxa4 19. Be4 a3 20. Bxf5 Rxf5 21. Ne4 Rb8 (21... axb2+ $17) 22. bxa3 Qa5 23. Rd3 Qb5 24. Kd2 Qa5+ 25. Kc1 Qb5 26. Kd2 {½-½ Erdos,V-Ronchetti,N/Heraklio 2004/EXT 2005 (26).}) (15. Nxe5 Qxe5 16. Qxe5 fxe5 17. Be4 Be6 18. f3 Rd8 19. g4 O-O 20. Rxd8 Rxd8 21. Rd1 $11 Rd4 22. e3 Rxd1+ 23. Kxd1 a5 24. Bf5 Bb3+ 25. Bc2 {½-½ Rowson,J-Johannessen,L/Mallorca 2004/CBM 104 no vc (25).}) 15... Be6 16. Qe4 Bb3 17. Rd2 O-O (17... Rd8 $5) 18. h4 gxh4 $2 (18... Bc5) 19. Qxh4 Rf7 20. Nf5 Kh8 21. Be4 Raf8 22. f4 Nc4 23. Ng7 Rxg7 24. Bxh7 f5 25. Qh5 Bh4 26. Bxf5+ {1-0 Jobava,B-Grischuk,A/Mallorca 2004/CBM 104 no vc (26).}) (14... Nxc4 {genügt wohl auch zum Ausgleich:} 15. Qxc4 Bd6 16. Be4 Bh3 17. Qd3 Be5 18. Bf5 Bxf5 19. Qxf5 Qc8 20. Qe4 O-O 21. h4 g4 22. Rd2 Qe6 23. Rhd1 Rf7 $2 (23... Rae8 $11) 24. Rd6 Qxd6 25. Rxd6 Bxd6 26. Qxg4+ Kf8 27. Qf5 Be5 28. Ne4 Rd8 29. e3 Rd5 30. Qc8+ Kg7 31. g4 c5 32. f4 Bc7 33. g5 Bd8 34. gxf6+ Bxf6 35. Qe6 Rd3 36. Nd6 {1-0 Jobava,B-Kulaots,K/Instanbul 2004/CBM 102 ext (36).}) 15. f4 {Dies ist ein neuer, scharfer Versuch. Nach} (15. Ne3 Bg7 (15... Be7 {führt zur oben zitierten Partie Jobava-Grischuk.}) 16. f4 gxf4 17. gxf4 Nf7 (17... Ng4 $5) 18. Qe4 {hat Weiß das etwas bequemere Spiel.} Qe7 19. Nf5 Bxf5 20. Qxf5 {1-0 Gelfand,B-Kobalija,M/playchess.com INT 2004/EXT 2005 (30). (29)}) 15... gxf4 16. gxf4 Nxc4 {Schwarz versucht, die Idee des Weißen zu widerlegen.} (16... Bxc4 17. fxe5 Bb3 18. exf6 Bxd1 19. Qe4+ Kf7 20. Qc4+ {ist offensichtlich nicht gut für Schwarz.}) (16... Nd7 {ist eine solide Fortsetzung, die dem Schwarzen gleiches Spiel verspricht:} 17. Ne4 (17. Qe3 Kf7 18. Bf3 h5 {bringt dem Weißen nichts ein.}) 17... O-O-O 18. Nxf6 Bg7 19. Ne8 Rhxe8 20. Nd6+ Kb8 21. Nxe8 (21. Qxg7 Rg8 22. Qe7 Nc5 {kostet Weiß eine Figur.}) 21... Bxd4 22. Nxc7 Be3+ 23. Kc2 Kxc7 {ist ungünstig für Weiß.}) 17. Qxf6 Bf7 18. Qxh8 Qxf4+ 19. Kb1 Bg6+ (19... Nd2+ 20. Rxd2 Qxd2 21. Qxh7 {ist gut für Weiß.}) (19... Ne3 20. Rd4 {geht gar nicht für Schwarz.}) 20. Ka1 (20. Ka2 {ist schwächer:} Ne3 21. Rhf1 Nxf1 22. Rxf1 Qd6 {mit etwa gleichem Spiel.}) 20... Ne3 21. Rd2 (21. Rhf1 Nxf1 22. Rxf1 Qb4 (22... Qd6 23. Ne4 {ist nicht gewinnträchtig für Schwarz.}) 23. Qe5+ Be7 (23... Qe7 {scheitert an} 24. Rxf8+ Kxf8 25. Qh8+) 24. Qh8+ {mit remis.}) 21... Nc2+ $146 (21... Nxg2 {verdient natürlich Erwägung:} 22. Rd4 (22. e3 {ist ungenügend:} Nxe3 23. Re1 Rd8 (23... Kf7 24. Rd7+ Ke6 25. Qd4 Qxd4 26. Rxd4 Ke5 27. Rd2 Bc5 28. Nd1 Kf4 29. Rf2+ {ist befriedigend für Weiß.}) 24. Rxd8+ (24. Rde2 Rd3 {ist für Weiß ganz hoffnungslos.}) 24... Kxd8 25. Rxe3 Qxe3 26. Qxf8+ Kc7 {, und Schwarz gewinnt ziemlich mühelos.}) 22... Qf5 {Auf andere Damenzüge folgt 23.Se4 mit entscheidender Kraft.} 23. Ne4 Ke7 {Es gibt nichts anderes.} 24. Rhd1 Ne3 25. Rd7+ Ke6 (25... Qxd7 26. Qe5+ Kd8 (26... Qe6 27. Qc7+ Ke8 28. Nf6+ Qxf6 29. Qd7#) 27. Rxd7+ Kxd7 28. Nf6+ Kd8 29. Qxe3 {mit Gewinnstellung für Weiß.}) 26. R1d6+ (26. Qg8+ Ke5 27. Qh8+ Kf4 {ist keine Verbesserung für Weiß.}) 26... Bxd6 27. Rxd6+ Ke7 28. Qxa8 Qf1+ 29. Ka2 Bf7+ 30. b3 Bxb3+ 31. Kxb3 Qb1+ 32. Kc3 Qc2+ 33. Kd4 Nf5+ 34. Ke5 Nxd6 35. Nxd6 Qb2+ 36. Kf5 Kxd6 37. Qb8+ Kd7 38. Qxa7 {mit Ausgleich. Es ist zu verstehen, daß dem Schwarzen dieses Abspiel nicht geheuer war; aber er mußte sich darauf einlassen, denn nun kommt er in Nachteil.}) ({RR} 21... Nxg2 22. Rd4 Qf5 23. Rhd1 Qe6 24. Rd6 Qe7 25. Rd7 Qe6 26. R7d6 Qe7 27. Rd7 Qe6 28. e4 Qxd7 29. Rxd7 Kxd7 30. Qd4+ Kc7 31. Qf2 Re8 32. Qxg2 a5 33. Qg5 b6 34. h4 Bd6 35. Qh6 Re5 36. Qg7+ {Mamedyarov,S (2732)-Mamedov,R (2656) Baku AZE 2025 ½-½ (57)}) 22. Rxc2 Bxc2 23. Rf1 Qd6 ({Nach} 23... Qb4 24. Qf6 (24. Qe5+ Be7 25. Bh3 Rd8 {führt zu einer ungefähr ausgeglichenen Stellung.}) 24... Kd7 25. Qe5 {gerät der König des Schwarzen ebenfalls unter Beschuß.}) 24. Be4 Bb3 25. Nb5 $1 cxb5 26. Bxb7 Rb8 27. Bc6+ Kd8 28. Qxf8+ Kc7 29. Qg7+ (29. Qxd6+ Kxd6 30. axb5 Bc4 {ist nicht überzeugender.}) 29... Kxc6 (29... Kb6 30. Bxb5 {ist aussichtslos für Schwarz.}) 30. Qc3+ Kb6 31. Qxb3 Ka5 (31... a6 32. Qe3+ Ka5 33. axb5 {ist nicht besser; nach} Rxb5 34. Qc3+ {verliert Schwarz in wenigen Zügen die Dame.}) (31... Qe5 32. axb5 Rc8 33. Qa4 Qxb5 34. Rf6+ {ist auch nicht geeignet, Widerstand zu leisten.}) 32. Qc3+ Qb4 (32... Kxa4 33. b3+ Ka3 34. Rb1 {führt zum Matt.}) 33. Qc7+ $18 {Eine außerordentliche Partie.} Rb6 34. Qxa7+ Ra6 35. Qc7+ Rb6 36. Rf4 Qb3 37. Qa7+ Ra6 38. Qc5 Rg6 39. axb5 1-0

[Event "EU-ch 6th"]
[Site "Warsaw"]
[Date "2005.07.01"]
[Round "13"]
[White "Riazantsev, Alexander"]
[Black "Carlsen, Magnus"]
[Result "0-1"]
[WhiteElo "2608"]
[BlackElo "2548"]
[PlyCount "72"]
[EventDate "2005.06.18"]
[EventType "swiss"]
[EventRounds "13"]
[EventCountry "POL"]
[SourceTitle "CBM 108"]
[Source "ChessBase"]
[SourceDate "2005.09.26"]
[SourceVersion "1"]
[SourceVersionDate "2005.09.26"]
[SourceQuality "1"]

1. d4 {Dautov,Rustem} Nf6 2. c4 e6 3. Nf3 b6 4. a3 Bb7 5. Nc3 d5 6. cxd5 Nxd5 7. Bd2 Be7 8. Qc2 Nd7 9. e4 Nxc3 10. Bxc3 O-O 11. Rd1 ({RR} 11. O-O-O) 11... Rc8 ({RR} 11... Qc8 12. Bd3 Rd8 13. O-O) ({RR} 11... Qe8 12. Bd3 c5 13. d5 exd5 14. exd5) ({RR} 11... c5 12. dxc5 Qc7 ({RR} 12... Qc8 13. cxb6 axb6 14. Bb5 Nc5 15. Rd4) 13. cxb6 axb6 14. Bb5 Nc5 15. Be5 Qc8 16. O-O Bxe4 17. Qc3 f6 18. Bg3 Bd5 19. Rfe1) 12. Bc4 ({RR} 12. Bd3 c5 13. d5 c4 14. Be2 exd5 15. exd5 b5 ({RR} 15... Qc7 16. d6 Bxd6 17. Qd2) ({RR} 15... Nf6 16. Ng5 g6 17. h4 Nxd5 18. Nxh7 Kxh7 19. h5 Bf6 ({RR} 19... f5 20. hxg6+ Kxg6 21. Bh5+ Kg5 22. Qd2+ f4 23. Qe2 Qd7 24. Qe5+) 20. hxg6+ Kg8 21. g7 Bxc3+ 22. bxc3 Kxg7 23. Qh7+ Kf6 24. Rh6+ Ke7 25. Qe4+ Kd7 26. Bg4+) 16. d6 ({RR} 16. O-O Nc5) 16... Bf6 17. O-O Re8) 12... Nf6 13. Bd3 c5 14. dxc5 ({RR} 14. e5 Nd5 15. Bxh7+ Kh8 16. Be4 Nxc3 17. bxc3 Bxe4 18. Qxe4 cxd4 19. cxd4 Bxa3 20. O-O a5) ({RR} 14. e5 c4 15. Be2 Nd5 16. O-O Nf4 17. Ne1 Nxe2+ 18. Qxe2 Qd5 19. f4 Qe4 20. Qf2 b5 21. Nc2 f5 22. exf6 Bxf6 23. Rde1 Bh4 24. Rxe4 Bxf2+ 25. Rxf2 Bxe4 26. Ne3 Rcd8 27. g3 a5 28. Rd2 Ra8 {Williams,S (2452)-Carlsen,M (2625) Reykjavik 2006 0-1 (39)}) 14... Rxc5 15. O-O Qa8 16. Rfe1 ({RR} 16. e5 Nd5 17. Bxh7+ Kh8 18. Be4 Nxc3 19. Bxb7 Qxb7 20. bxc3 Rfc8) 16... Rfc8 $146 ({RR} 16... Rd8 17. e5 Nd5 18. Bxh7+ Kf8 19. Be4 g6 20. Qd2 Nxc3 21. Qh6+ Kg8 ({RR} 21... Ke8 22. Qh8+ Bf8 23. Bxb7) 22. Bxg6 ({RR} 22. Rxd8+ Bxd8 23. Bxg6 ({RR} 23. Bxb7 Qxb7 24. bxc3 Rxc3 25. Rd1 Be7 ({RR} 25... Rc8 26. h4) 26. Ng5 ({RR} 26. h4 Rxf3 27. gxf3 Qxf3 28. Rd7 Qg4+ 29. Kh2 Qf5) 26... Bxg5 27. Qxg5 Qe4 28. Qd8+ ({RR} 28. Rd8+ Kh7) ({RR} 28. h4 Qf5) 28... Kh7 29. Qe7 Qf4 30. Qxa7 Rc1 31. Qd7 Rxd1+ 32. Qxd1 Qxe5) 23... fxg6 24. Qxg6+ Kf8 25. Nd4 Ne2+ 26. Nxe2 Rxe5 27. Qh6+ Kg8 28. Qg6+ Kf8) 22... Ne2+ ({RR} 22... fxg6 23. Qxg6+ Kf8 24. Qh6+ Kf7 25. Rd4 Bxf3 26. Qh7+ Kf8 27. Qh6+ Kf7) 23. Kf1 fxg6 24. Qxg6+ Kf8 25. Qh6+ Kf7 26. Qh7+ Kf8 27. Qh8+ Kf7 28. Ng5+ Bxg5 29. Qh5+ Kf8 30. Qh8+ Kf7 {½-½ (30) Akopian,V (2630)-Ivanchuk,V (2730) Yerevan 1996 CBM 055 [Dautov,Rustem]}) ({RR} 16... h6) ({RR} 16... Rd8 17. Qe2 Rcc8 18. Nd2 Nd7 19. Nb3 Bf6 20. Bxf6 Nxf6 21. f3 Qb8 22. Ba6 Bxa6 23. Qxa6 g6 24. Rc1 Kg7 25. Rxc8 Rxc8 26. Qd3 Qe5 27. Qd2 Rc7 28. Rc1 Rd7 29. Qc3 Qb5 30. Nd4 Qg5 31. Re1 {Kanter,E (2349)-Hakobyan,A (2283) Moscow 2015 ½-½ (67)}) 17. Qe2 R5c7 18. a4 a6 19. Ne5 Bf8 20. Nc4 Nd7 21. Qe3 Rc6 22. Bf1 Nc5 23. a5 bxa5 24. Nxa5 R6c7 25. Be5 Rd7 26. b4 Rxd1 27. Rxd1 f6 28. Bf4 Nxe4 29. Rd7 Rc3 30. Qe1 Bd5 31. f3 Bxb4 32. fxe4 Bxe4 33. Bd2 Bc5+ 34. Kh1 Rf3 35. Bc3 Rf2 36. Rd2 Bxg2+ 0-1

[Event "NOR-ch"]
[Site "Sandnes"]
[Date "2005.07.04"]
[Round "3"]
[White "Carlsen, Magnus"]
[Black "Hole, Oystein"]
[Result "1-0"]
[WhiteElo "2528"]
[BlackElo "2336"]
[PlyCount "149"]
[EventDate "2005.07.02"]
[EventType "swiss"]
[EventRounds "9"]
[EventCountry "NOR"]
[SourceTitle "CBM 107 Extra"]
[Source "ChessBase"]
[SourceDate "2005.09.01"]
[SourceVersion "1"]
[SourceVersionDate "2005.09.01"]
[SourceQuality "1"]

1. d4 {Huebner,Robert} d5 2. c4 c6 3. Nf3 Nf6 4. e3 Bf5 5. Nc3 e6 6. Nh4 Bg6 7. Nxg6 hxg6 8. Bd2 Nbd7 9. Rc1 ({RR} 9. Qb3 Qb6 10. Be2 Be7 11. h3 g5 12. O-O-O Qxb3 13. axb3 O-O-O 14. f3 Nh5 15. Rhe1 Ng3 16. Kc2 f5 17. Bd3 Nf6 18. Ne2 Nge4 19. Rf1 Nxd2 20. Rxd2 Bb4 21. Rdd1 Bd6 22. Nc3 Rh4 23. cxd5 cxd5 {Sai Agni Jeevitesh,J (2300)-Shagbazyan,T (2429) Ostrava CZE 2025 0-1 (73)}) 9... Bd6 ({RR} 9... a6 10. Bd3 dxc4 11. Bxc4 b5 12. Be2 c5 13. Bf3 Rb8 14. Ne2 Bd6 15. g3 O-O 16. O-O e5 17. dxc5 Nxc5 18. Bb4 Qb6 19. Nc3 Nb7 20. Bxd6 Nxd6 21. Nd5 Nxd5 22. Bxd5 Rbc8 23. Qg4 Nf5 24. Qe4 {Kasparov,G (2804)-Vallejo Pons,F (2686) Linares 2005 1-0 (54)}) 10. a3 ({RR} 10. Qf3 O-O 11. h4 Re8 12. Be2 dxc4 13. Bxc4 e5 14. h5 Nb6 15. Bb3 gxh5 16. Ne4 exd4 17. Ng5 Re7) 10... O-O $146 ({RR} 10... dxc4 11. Bxc4 O-O 12. O-O e5 13. dxe5 ({RR} 13. Qc2 exd4 14. exd4 Nb6 15. Bb3 Nfd5) 13... Nxe5 14. Be2 Qe7 15. Qa4 g5 16. Rcd1 ({RR} 16. Ne4) 16... g4 17. Kh1 ({RR} 17. Ne4 b5 ({RR} 17... Nxe4 18. Qxe4 f5 19. Qa4 Qh4 20. f4) 18. Qc2 Nxe4 19. Qxe4 f5 20. Qc2 ({RR} 20. Qd4 Rad8 21. Ba5 Rd7 22. Qc3 Rf6) 20... Qh4 ({RR} 20... Rf6 21. Bc3 Rh6 22. g3) 21. g3 Qh3 22. f4 gxf3 23. Bxf3 Nxf3+ 24. Rxf3) 17... b5 18. Qa6 ({RR} 18. Qc2 Nf3 19. gxf3 gxf3 20. Qf5 fxe2 21. Nxe2 Ne4 22. Be1 ({RR} 22. Ng3 Bxg3 23. hxg3 Qe6 24. Qxe6 fxe6 25. Kg1 Rad8 26. Bc3) 22... Rfd8 23. f3) 18... Nf3 19. Qxc6 ({RR} 19. Bxf3 Qe5 20. g3 gxf3 21. Qxc6 Qh5 22. Ne4 Ng4 23. h4 Be7 24. Kg1 Bxh4 25. gxh4 Ne5 26. Nf6+ gxf6 27. Qe4 Kh8) 19... Qe5 20. Qxd6 ({RR} 20. g3 Qh5) 20... Qxd6 21. gxf3 Qc6 ({RR} 21... b4 22. axb4 ({RR} 22. Nb5 Qe5 23. fxg4 Qxb2) 22... Qxb4 23. Bc1 Qb7) 22. e4 ({RR} 22. Nxb5) 22... gxf3 23. Bxf3 Rad8 24. Bg2 Qc4 25. h3 {Volkov,S (2634)-Akopian,V (2703) Sochi 2005 EXT 2020 [Huebner,Robert] 0-1 (46)}) ({RR} 10... a6 11. c5 Bc7 12. f4 g5 13. Bd3 gxf4 14. exf4 Ne4 15. Nxe4 dxe4 16. Bxe4 Nf6 17. Qf3 Nxe4 18. Qxe4 Qd5 19. Qxd5 exd5 20. Kf2 f5 21. Rc3 Kf7 22. h3 g6 23. Rb3 Rab8 24. Re1 Rhe8 25. Re5 {Ivanchuk,V (2748)-Cheparinov,I (2618) Khanty-Mansiysk 2005 ½-½ (71)}) 11. Qc2 Rc8 12. c5 Bb8 13. f4 Nh5 14. g3 f5 15. Be2 Nhf6 16. h4 Kf7 17. b4 a6 18. a4 Bc7 19. Kf2 Ra8 20. Kg2 Qe7 21. Bf3 Rfb8 22. Ra1 b6 23. Rhb1 a5 24. Na2 bxc5 25. bxc5 Qd8 26. Nc1 Ne4 27. Be1 Ndf6 28. Nd3 Nd7 29. Rxb8 Rxb8 30. Rb1 Rxb1 31. Qxb1 Qa8 32. Be2 Qa7 33. Qb3 Qa8 34. Nc1 Ke7 35. Bf3 Qa6 36. Qd3 Qa8 37. Nb3 Kf7 38. Be2 Nb8 39. g4 fxg4 40. Bxg4 Na6 41. Bf3 Nb4 42. Qe2 Qb7 43. Bxe4 dxe4 44. Nd2 Nd5 45. Nxe4 Qb3 46. Bd2 Ke7 47. Ng5 Qc2 48. Kf1 Nf6 49. e4 Qb1+ 50. Kf2 Qh1 51. Qf3 Qxh4+ 52. Kg2 Qh5 53. Be1 Nd7 54. e5 Qxf3+ 55. Kxf3 Nb8 56. Kg4 Na6 57. Ne4 Nb4 58. Bxb4 axb4 59. Nd2 Bd8 60. Kf3 Kd7 61. Ke4 g5 62. f5 exf5+ 63. Kxf5 g6+ 64. Kg4 Kc7 65. Nb3 Kb7 66. Kf3 Ka6 67. Ke4 Be7 68. e6 Bf6 69. a5 Kb5 70. d5 cxd5+ 71. Kxd5 g4 72. c6 g3 73. c7 g2 74. c8=Q g1=Q 75. Qc6# 1-0

[Event "Biel GM"]
[Site "Biel"]
[Date "2005.07.19"]
[Round "3"]
[White "Gelfand, Boris"]
[Black "Carlsen, Magnus"]
[Result "1/2-1/2"]
[WhiteElo "2724"]
[BlackElo "2528"]
[PlyCount "58"]
[EventDate "2005.07.17"]
[EventType "tourn"]
[EventRounds "10"]
[EventCountry "SUI"]
[EventCategory "16"]
[SourceTitle "CBM 108"]
[Source "ChessBase"]
[SourceDate "2005.09.26"]
[SourceVersion "1"]
[SourceVersionDate "2005.09.26"]
[SourceQuality "1"]

1. d4 Nf6 2. c4 e6 3. Nf3 b6 4. Nc3 Bb7 5. a3 d5 6. cxd5 Nxd5 7. Qc2 Nxc3 8. bxc3 Be7 9. e4 O-O 10. Bd3 c5 11. O-O Qc7 12. Qe2 Nd7 13. e5 Rfd8 14. h4 Nf8 15. Be3 Qc6 16. Rfd1 Rac8 17. h5 h6 18. Ne1 Nh7 19. Qg4 $146 ({RR} 19. f4 cxd4 20. cxd4 Qd5 21. Rdc1 Nf8 22. Bc4 Qe4 23. Bd3 Qd5 24. Bc4 Qe4 25. Bd3 Qd5 {½-½ (25) Golod,V (2575)-Socko,B (2631) Gibraltar 2009}) 19... Ng5 20. Kh2 Kh8 21. a4 Ne4 22. Rdc1 Bg5 23. f4 f5 24. Qe2 Bh4 25. Nf3 Be7 26. Bb5 Qc7 27. Bc4 Qd7 28. Bb5 Qc7 29. Bc4 Qd7 1/2-1/2

[Event "Lausanne YM 6th"]
[Site "Lausanne"]
[Date "2005.09.17"]
[Round "2.3"]
[White "Carlsen, Magnus"]
[Black "Paehtz, Elisabeth"]
[Result "1-0"]
[WhiteElo "2528"]
[BlackElo "2421"]
[PlyCount "118"]
[EventDate "2005.09.14"]
[EventType "k.o."]
[EventRounds "3"]
[EventCountry "SUI"]
[SourceTitle "CBM 108 Extra"]
[Source "ChessBase"]
[SourceDate "2005.11.04"]
[SourceVersion "1"]
[SourceVersionDate "2005.11.04"]
[SourceQuality "1"]

1. d4 {Rogozenco,Dorian Fier,Alexander} Nf6 2. c4 e6 3. Nf3 Bb4+ 4. Bd2 a5 5. g3 d6 6. Bg2 Nbd7 7. O-O e5 8. Be3 exd4 9. Bxd4 O-O 10. Nc3 ({RR} 10. a3 Bc5 11. Nc3 Re8 12. Qc2 c6 13. Rfd1 Qe7 14. h3 Ne5 ({RR} 14... Nb6 15. Bxc5 ({RR} 15. b3 a4 16. b4 Bxd4 17. Rxd4 Be6 18. Nd2 Nfd7) 15... dxc5 16. b3 a4) 15. Bxc5 Nxf3+ ({RR} 15... dxc5 16. Nxe5) 16. Bxf3 dxc5 17. Bg2 Qe5 ({RR} 17... Be6 18. Na4 ({RR} 18. b3)) 18. e4 g5 19. Qd2 g4 ({RR} 19... Be6 20. f4 gxf4 21. gxf4 Qh5 22. f5 Bxc4 23. Qf4 Kh8 24. Rd6 Ng8 25. Bf3 Qxh3 26. Kf2) 20. h4 ({RR} 20. hxg4 Bxg4 21. f3 Be6 22. f4 Qh5 23. e5 Ng4 24. Bf3 Bxc4 25. Ne4) 20... Nd7 ({RR} 20... Be6 21. b3) 21. Na4 Nf8 ({RR} 21... b5 22. cxb5 cxb5 23. Nc3 Rb8 ({RR} 23... b4 24. axb4 cxb4 25. Nd5) 24. Nd5) 22. Qd6 Qxd6 23. Rxd6 Ne6 24. e5 Kg7 {Van Wely,L (2679)-Nakamura,H (2769) Wijk aan Zee 2013 CBM 153 [Rogozenco,Dorian] ½-½ (67)}) 10... Bc5 ({RR} 10... Re8 11. Qc2 c6 12. a3 Bc5 13. Rad1 Qe7) 11. Qc2 Bxd4 ({RR} 11... Re8 12. Rad1 Qe7 13. Rfe1) 12. Nxd4 c6 $146 ({RR} 12... Ne5 13. b3 ({RR} 13. Rad1 Nxc4 ({RR} 13... c6 14. c5 d5 15. e4) 14. Ncb5 c6 15. Qxc4 cxb5 16. Nxb5) 13... c6 14. Rad1 Qc7 15. h3 ({RR} 15. f4 Ng6 ({RR} 15... Neg4 16. Qd2 Re8 17. e4) 16. Qd3 Re8 17. e4) 15... Bd7 16. Rd2 ({RR} 16. f4 Ng6 17. e4 h5) 16... Rad8 17. Rfd1 Rfe8 18. Qb2 Ng6 19. Nc2 ({RR} 19. Qa3 Ne7 20. e4 Nc8) 19... Bf5 20. Ne3 ({RR} 20. e3 Qc8 21. Kh2 Re5) 20... Rxe3 21. fxe3 d5 22. e4 ({RR} 22. Rf1 Bxh3 23. Bxh3 Qxg3+ 24. Bg2 Nh4 25. Rf2 Ng4) ({RR} 22. g4 Qg3) 22... Bxh3 ({RR} 22... Qxg3 23. Rd3 Qg5 24. exf5 Nf4 25. e3) 23. Rd3 ({RR} 23. e5 Bxg2 ({RR} 23... Qxe5 24. Nxd5 Rxd5 25. Qxe5 Rxe5 26. Rd8+ Nf8 27. Bxh3) 24. Kxg2 Ng4 25. Rd3 N6xe5) 23... Bxg2 ({RR} 23... Qb6+ 24. Rd4 Qc7 25. R1d3 Bxg2 26. Kxg2 Ne5) 24. Kxg2 Ne5 25. Rd4 Neg4 26. Qd2 Qe5 27. cxd5 {Fier,A (2634)-Ferreira,J (2511) Baku 2016 CBM 175 [Fier,Alexander] 1-0 (72)} {RR} Qh5 ({RR} 27... c5 28. Rd3 ({RR} 28. Rc4 Nh5 29. Qd3 Qg5) ({RR} 28. Ra4 Nh5 29. Qd3 Qg5) 28... Nxe4 29. Nxe4 ({RR} 29. Qf4 Qxf4 30. gxf4 Nef2 31. Kf3 f5 32. e4) 29... Qxe4+ 30. Kg1) 28. Rh1 Qe5 29. Rd3 cxd5 30. exd5 b5 31. d6) ({RR} 12... Ne5 13. b3 g6 14. Rad1 Qe7 15. Nd5 Qd8 16. Nb5 Nxd5 17. cxd5 Bd7 18. Nd4 Qb8 19. h3 Rc8 20. f4 c5 21. Ne6 fxe6 22. fxe5 dxe5 23. Rf6 Be8 24. d6 Bf7 25. Rdf1 Rf8 26. Qxc5 Ra7 27. Rxf7 {Swapnil,S (2501)-Kumar,G (2096) Udaipur 2019 1-0}) 13. Rad1 Nc5 14. Rd2 Qe7 15. Rfd1 g6 16. b3 Bd7 17. Qb2 Rfd8 18. Nc2 Be6 19. Ne3 h5 20. Rd4 Rd7 21. Qd2 Ne8 22. Bf3 Bh3 23. Rh4 Be6 24. Kg2 Ng7 25. Rd4 Ne8 26. h3 Qf6 27. g4 hxg4 28. hxg4 Qg5 29. Rh1 Rdd8 30. Rh2 Qe5 31. Kg1 Kf8 32. Bg2 g5 33. Ne4 Nxe4 34. Rxe4 Qa1+ 35. Nf1 d5 36. Rd4 Nf6 37. Bf3 Ke7 38. cxd5 cxd5 39. Kg2 Rh8 40. Rxh8 Rxh8 41. e3 Rc8 42. Qxa5 Rc2 43. a4 Rc1 44. Qb4+ Ke8 45. Be2 Nd7 46. Bb5 Qc3 47. Qd6 Qc7 48. Qxc7 Rxc7 49. Nd2 Ke7 50. Bxd7 Rxd7 51. Nf3 f6 52. Kg3 Rc7 53. Rb4 Kd6 54. Rb6+ Ke7 55. Nd4 Bd7 56. a5 Bc8 57. b4 Bd7 58. b5 Bc8 59. a6 Kf7 1-0

[Event "Gausdal Byggern Masters"]
[Site "Gausdal"]
[Date "2005.10.02"]
[Round "2"]
[White "Carlsen, Magnus"]
[Black "Hole, Oystein"]
[Result "1-0"]
[WhiteElo "2570"]
[BlackElo "2336"]
[Annotator "Prusikin,Michael"]
[PlyCount "63"]
[EventDate "2005.10.01"]
[EventType "swiss"]
[EventRounds "9"]
[EventCountry "NOR"]
[SourceTitle "CBM 108 Extra"]
[Source "ChessBase"]
[SourceDate "2005.11.04"]
[SourceVersion "1"]
[SourceVersionDate "2005.11.04"]
[SourceQuality "1"]

1. d4 d5 2. c4 c6 3. Nc3 dxc4 4. e4 b5 5. a4 b4 6. Na2 Nf6 7. e5 Nd5 8. Bxc4 e6 9. Nf3 Be7 10. Bd2 a5 11. Nc1 Bb7 12. Nb3 Nd7 13. O-O Rc8 14. Rc1 O-O 15. Qe2 c5 $146 {Dieser natürliche Zug stellte eine Neuerung dar.} (15... Ra8 $6 {1-0 (47) Lawton,G (2402)-Shaw,J (2464) West Bromwich 2003}) ({RR} 15... Ra8 16. Bd3 N5b6 17. Nc5 Nxc5 18. dxc5 Nxa4 19. Be3 Nxb2 20. Bb1 Ba6 21. Qxb2 Bxf1 22. Kxf1 Qc7 23. Nd2 Rfb8 24. Nc4 Rd8 25. Qc2 g6 26. Qa4 Ra6 27. Nd6 Rb8 28. Ba2 Raa8 29. Bb3 Bf8 30. Ra1 {Lawton,G (2402)-Shaw,J (2464) West Bromwich 2003 1-0 (47)}) 16. Bb5 $1 {Der Beginn einer glorreichen Karriere. Dieser schöne Prophylaxezug verhindert sowohl 16...Db6 als auch 16...Lc6 und bindet damit die schwarzen Kräfte.} cxd4 17. Rxc8 Bxc8 18. Nfxd4 $1 {Eben mit diesem Springer! Damit wird der Damenschwenk zum Königsflügel eingeleitet, während der andere Springer auf b3, wo er Druck auf den Bauern a5 ausübt, ausgezeichnet postiert ist.} Nb8 {Die einzige Möglichkeit, 19.Sc6 zu verhindern:} (18... Bb7 $2 19. Nxa5 Qxa5 20. Bxd7 $16) 19. Qg4 $1 Kh8 20. Re1 Qb6 21. Bd3 $1 {Wieder Prophylaxe! Diuesmal gegen den drohenden Läufertausch.} (21. h4 Ba6 $1) 21... Ba6 22. Bb1 $1 Nc6 $6 {Der natürlichste Zug und zugleich der entscheidende Fehler, aber die weiße Idee war nicht leicht zu sehen.} 23. Bh6 $1 Rg8 ({Im Falle von} 23... gxh6 24. Qe4 f5 25. exf6 Nxf6 26. Qxc6 $18 {muss sich Weiß mit einem gewonnenen Endspiel "begnügen"}) 24. Bxh7 $1 {Dieser Läufer stirbt als Held!} Kxh7 25. Be3 $1 $18 {...und Aus! Gegen die Drohung 26.Dh5# hilft nur} Rc8 {...aber jetzt entscheidet der Springerabzug!} (25... Nxe3 26. Qh5# $1) (25... g6 26. Qh3+ Kg7 27. Qh6#) 26. Nxe6 $1 fxe6 (26... Nxe3 27. Qxg7#) 27. Qh3+ Kg8 28. Qxe6+ Kf8 29. Bxb6 Nxb6 30. Nxa5 Rc7 31. Nxc6 Bc8 32. Qb3 1-0

[Event "Gausdal Byggern Masters"]
[Site "Gausdal"]
[Date "2005.10.03"]
[Round "3"]
[White "Brynell, Stellan"]
[Black "Carlsen, Magnus"]
[Result "0-1"]
[WhiteElo "2496"]
[BlackElo "2570"]
[PlyCount "106"]
[EventDate "2005.10.01"]
[EventType "swiss"]
[EventRounds "9"]
[EventCountry "NOR"]
[SourceTitle "CBM 108 Extra"]
[Source "ChessBase"]
[SourceDate "2005.11.04"]
[SourceVersion "1"]
[SourceVersionDate "2005.11.04"]
[SourceQuality "1"]

1. d4 d5 2. c4 c6 3. Nc3 Nf6 4. e3 e6 5. Nf3 Nbd7 6. Bd3 dxc4 7. Bxc4 b5 8. Be2 Bb7 9. O-O Be7 10. e4 b4 11. e5 bxc3 12. exf6 Bxf6 13. bxc3 c5 14. dxc5 O-O 15. Ba3 Be7 16. Qd4 Qc7 17. Rab1 Bc6 18. Qe3 Bxf3 19. Bxf3 Rab8 20. c6 Bxa3 21. cxd7 Qxd7 22. c4 Qe7 23. Rb5 Rxb5 24. cxb5 Rd8 25. Rd1 Rxd1+ 26. Bxd1 Qd6 $146 ({RR} 26... g6) 27. Bf3 Bc5 28. Qe2 Qd4 29. g3 g6 30. Kg2 Kg7 31. Bc6 Bb6 32. Qf3 f5 33. Qe2 e5 34. Bb7 e4 35. Bc6 Kf6 36. Bb7 Ke5 37. Bc6 g5 38. Bb7 g4 39. Bc6 h5 40. Be8 h4 41. Qe1 h3+ 42. Kg1 Qb2 43. Bc6 Qxa2 44. Bb7 Qb2 45. Bc6 Bd4 46. Be8 e3 47. Kf1 Kf6 48. Qe2 Qc1+ 49. Qe1 Qxe1+ 50. Kxe1 exf2+ 51. Kf1 f4 52. gxf4 Kf5 53. Bf7 Kxf4 0-1